=LDR 00000nam 2200000 4500 =001 INLIS000000000052001 =005 20250429073431 =035 ##$$a 0010-0118000189 =007 ta =008 250429################g##########0#ind## =020 ##$$a 978-979-769-924-6 =082 ##$$a 658.3 =084 ##$$a 658.3 NUR m =245 1#$$a Manajemen sumber daya manusia bidang pendidikan /$c Nurul Ulfatin, Teguh Triwiyanto =260 ##$$a Jakarta :$b Rajagrafindo,$c 2016 =300 ##$$a xx, 285 hlm. : $b ilus ; $c 21 cm =650 #4$$a Manajemen personalia =700 #$$a Teguh Triwiyanto =504 ##$$a Bibliografi : hlm 271 =100 #$$a Nurul Ulfatin =250 ##$$a Cet. 1 =990 ##$$a 21705470 =990 ##$$a 21705469 =990 ##$$a 21705468 =990 ##$$a 21705467 =990 ##$$a 21705466 =990 ##$$a 21705469 =990 ##$$a 21705470 =990 ##$$a 21705468 =990 ##$$a 21705467 =990 ##$$a 21705466